000 00567nam a2200229Ia 4500
003 OSt
005 20221005122651.0
006 a|||||r|||| 00| 0
007 ta
008 221004b |||||||| |||| 00| 0 kan d
024 _a59604
037 _cTextual
040 _aCRL
_cCRL
_bkan
041 _2kan
_akan
082 _aO15,1D40,1, 33J0
100 _aKalidas
245 0 _aKannad Kumare samkhava
260 _c1950
650 _aSANSKRIT POETRY
_9155567
942 _hO15,1D40,1, 33J0
_cTEXL
_2cc
999 _c1045023
_d1045023